000 01083cam a22003374a 4500
001 28130
005 20230410103826.0
008 021210s2002 sp b 000 0 spa
035 _a13494650
925 0 _aacquire
_b1 shelf copy
_xpolicy default
942 _2lcc
_cbk
010 _a 2004375306
020 _a8483189712
035 _a(OCoLC)ocm51221797
040 _aDLC
_cDLC
043 _aa------
_af------
050 1 4 _a403 DS 35.63
_bS456a 2002
100 1 _aSegura, Antoni.
245 1 0 _aAproximación al mundo islámico :
_bdesde los orígenes hasta nuestros días /
_c[Antoni Segura i Mas].
250 _a1. ed.
260 _aBarcelona :
_bEditorial UOC,
_c2002.
300 _a198 p. ;
_c24 cm.
490 1 _aManuales ;
_v1.
_aHumanidades
504 _aIncludes bibliographical references (p. 192-198).
651 0 _aIslamic countries
_xHistory.
650 0 _aIslam
_xHistory.
650 0 _aCivilization, Islamic
_xHistory.
830 0 _aManuales (Editorial UOC) ;
_v1.
830 0 _aManuales (Editorial UOC).
_pHumanidades.
923 _d20031205
_n104997
_sSpBaP
999 _c26563
_d26563